Matematika I. /
Guardado en:
| Autores principales: | , |
|---|---|
| Formato: | Libro |
| Publicado: |
Bratislava :
SVŠT v Bratislave,
1990
|
| Etiquetas: |
Sin Etiquetas, Sea el primero en etiquetar este registro!
|
MARC
| LEADER | 00000nam a22000003a 4500 | ||
|---|---|---|---|
| 001 | stu16580 | ||
| 005 | 20150617225758.6 | ||
| 008 | ------s1990----cs----------------------d | ||
| 040 | |a STU |b slo | ||
| 041 | 0 | ||
| 044 | |a cs | ||
| 080 | |a 51(075.8) | ||
| 100 | 1 | |a Fabrici, Imrich |4 aut | |
| 245 | 1 | |a Matematika I. / |c [aut.]Fabrici,Imrich, Šabo,Michal | |
| 260 | |a Bratislava : |b SVŠT v Bratislave, |c 1990 | ||
| 300 | |a 235 : |b Grafy,lit | ||
| 700 | 1 | |a Šabo, Michal, |d 1944- |4 aut |u C7270 |U FCHPT Ústav informatizácie, automatizácie a matematiky |T FCHPT Oddelenie matematiky |X 3241 |U C7270 |Y 122 |7 A000003241 | |
| 996 | |b C86903 |c C*86903 |l CCI |s A |a 24 |w stu16580_0001 | ||
| 996 | |b 284C015921 |c C*86904 |l CCI |s A |a 24 |w stu16580_0002 | ||